|
|
|
|
| LEADER |
00000cam a2200000 7i4500 |
| 001 |
0000052084 |
| 005 |
20080918093000.0 |
| 008 |
080706s2002 ua ara |
| 020 |
|
|
|a 9772156350
|
| 090 |
0 |
0 |
|a PJ6795
|b .D39 2002
|
| 100 |
1 |
|
|a داود, محمد محمد ,
|e author
|
| 241 |
1 |
0 |
|a Mujam alfaz al-kalam fi al-ammiyah al-muasirah
|b dirasah dalaliyah tasiliyah wa-mujam
|
| 245 |
1 |
0 |
|a معجم الفاظ الكلام فى العامية المعاصرة :
|b دراسة دلالية تأصيلية ومعجم
|c تأليف محمد محمد داود
|
| 260 |
|
|
|a Qahirah :
|b Dar Gharib ,
|c 2002
|
| 300 |
|
|
|a 226 p. ;
|c 24 cm.
|
| 504 |
|
|
|a Includes bibliographical references (p. 205-209)
|
| 650 |
|
0 |
|a Arabic language
|v Dictionaries
|
| 650 |
|
0 |
|a Arabic language
|x Dialects
|z Egypt
|v Dictionaries
|
| 650 |
|
0 |
|a Arabic language
|x Spoken Arabic
|v Dictionaries
|
| 650 |
|
0 |
|a Arabic language
|y 20th century
|v Dictionaries
|
| 999 |
|
|
|a 1000111982
|b Book
|c OPEN SHELF (30 DAYS)
|e Gong Badak Campus
|